| 000 | 00936nam a2200229 i 4500 | ||
|---|---|---|---|
| 001 | 152496 | ||
| 003 | ES-MaACL | ||
| 005 | 20230906204754.0 | ||
| 008 | 931025s1890 sp d |||| | spa d | ||
| 100 | 1 |
_aBouchut, Eugène. _930845 |
|
| 245 | 1 | 0 |
_aDiccionario de medicina y de terapéutica médica y quirúrgica ... / _cpor E. Bouchut y Armand Després ; traducido de la tercera edición francesa y aumentado por Pedro Espina y Martínez y Antonio Espina y Capo. |
| 260 |
_aMadrid : _bLibrería Ed. de Carlos Bailly-Bailliere, _c1890. |
||
| 300 |
_a1624, 114 p. ; _c28 cm. |
||
| 595 | _a10ª tirada. | ||
| 650 | 4 |
_aMedicina- _vDiccionarios. _914897 |
|
| 650 | 4 |
_aCirugía- _vDiccionarios. _911051 |
|
| 700 | 1 |
_aDesprés, Armand. _943924 |
|
| 700 | 1 |
_aEspina y Martínez, Pedro. _947841 |
|
| 700 | 1 |
_aEspina y Capo, Antonio, _d1850-1930 _947840 |
|
| 852 |
_aES-MaACL _jB-10969 _z- Enc. pasta española |
||
| 999 |
_c152496 _d152496 |
||